| 000 | 00810nam a2200217 a 4500 | ||
|---|---|---|---|
| 999 |
_c2377 _d2377 |
||
| 001 | 2377 | ||
| 003 | BD-JhCC | ||
| 005 | 20191212134008.0 | ||
| 008 | 171101s2012 bg ||||| |||| 00| 0 ben d | ||
| 035 | _a(BD-JhCC)2377 | ||
| 040 |
_aBD-JhCC _dBD-JhCC |
||
| 041 | _aben | ||
| 082 |
_a537 _bKIT 2012 |
||
| 100 | _aকিতাইগারোদস্কি, আ. | ||
| 245 |
_aসকলের জন্য পদার্থবিদ্যা-৩ _bইলেক্ট্রন / _cআ. কিতাইগারোদস্কি; শান্তি শেখর সিংহ (অনুবাদ) |
||
| 260 |
_aঢাকা : _bঅনুপম প্রকাশনী ; _c২০১২ |
||
| 300 |
_a১৯১ পৃ. ; _c২২ সেমি |
||
| 650 | _aElectrons | ||
| 650 | _aElectricity | ||
| 942 |
_2ddc _cBK _02 |
||